Five bold freedom fighters / (Record no. 34005)
[ view plain ]
| 000 -LEADER | |
|---|---|
| fixed length control field | 01762cam a2200421 a 4500 |
| 001 - CONTROL NUMBER | |
| control field | 12004066 |
| 003 - CONTROL NUMBER IDENTIFIER | |
| control field | OSt |
| 005 - DATE AND TIME OF LATEST TRANSACTION | |
| control field | 20140310184355.0 |
| 008 - FIXED-LENGTH DATA ELEMENTS--GENERAL INFORMATION | |
| fixed length control field | 000511s2001 nyua b 000 0ceng |
| 010 ## - LIBRARY OF CONGRESS CONTROL NUMBER | |
| LC control number | 00041003 |
| 020 ## - INTERNATIONAL STANDARD BOOK NUMBER | |
| International Standard Book Number | 9780590480260 |
| 040 ## - CATALOGING SOURCE | |
| Original cataloging agency | DLC |
| Transcribing agency | DLC |
| Modifying agency | DLC |
| 042 ## - AUTHENTICATION CODE | |
| Authentication code | lcac |
| 043 ## - GEOGRAPHIC AREA CODE | |
| Geographic area code | n-us--- |
| 050 00 - LIBRARY OF CONGRESS CALL NUMBER | |
| Classification number | E 185.96 |
| Item number | .H775 2003 |
| 100 1# - MAIN ENTRY--PERSONAL NAME | |
| Personal name | Hudson, Wade. |
| 9 (RLIN) | 24425 |
| 245 10 - TITLE STATEMENT | |
| Title | Five bold freedom fighters / |
| Statement of responsibility, etc | by Wade Hudson ; illustrations by Ron Garnett. |
| 260 ## - PUBLICATION, DISTRIBUTION, ETC. (IMPRINT) | |
| Place of publication, distribution, etc | New York : |
| Name of publisher, distributor, etc | Scholastic, |
| Date of publication, distribution, etc | 2003 |
| 300 ## - PHYSICAL DESCRIPTION | |
| Extent | 48 p. : |
| Other physical details | ill. (some col.) ; |
| Dimensions | 23 cm. |
| 440 #0 - SERIES STATEMENT/ADDED ENTRY--TITLE | |
| Title | Great Black heroes |
| 9 (RLIN) | 24426 |
| 440 #0 - SERIES STATEMENT/ADDED ENTRY--TITLE | |
| Title | Hello reader! ; |
| Volume number/sequential designation | level 4 |
| 9 (RLIN) | 25548 |
| 521 ## - TARGET AUDIENCE NOTE | |
| Target audience note | |
| 526 ## - STUDY PROGRAM INFORMATION NOTE | |
| Reading level | 810 |
| 562 ## - COPY AND VERSION IDENTIFICATION NOTE | |
| Number of copies | 1 |
| 650 #0 - SUBJECT ADDED ENTRY--TOPICAL TERM | |
| Topical term or geographic name as entry element | African American civil rights workers |
| Form subdivision | Biography |
| -- | Juvenile literature. |
| 9 (RLIN) | 25549 |
| 650 #0 - SUBJECT ADDED ENTRY--TOPICAL TERM | |
| Topical term or geographic name as entry element | African American political activists |
| Form subdivision | Biography |
| -- | Juvenile literature. |
| 9 (RLIN) | 25550 |
| 650 #0 - SUBJECT ADDED ENTRY--TOPICAL TERM | |
| Topical term or geographic name as entry element | Heroes |
| Geographic subdivision | United States |
| Form subdivision | Biography |
| -- | Juvenile literature. |
| 9 (RLIN) | 25551 |
| 650 #0 - SUBJECT ADDED ENTRY--TOPICAL TERM | |
| Topical term or geographic name as entry element | African Americans |
| General subdivision | Civil rights |
| -- | History |
| Form subdivision | Juvenile literature. |
| 9 (RLIN) | 25552 |
| 650 #1 - SUBJECT ADDED ENTRY--TOPICAL TERM | |
| Topical term or geographic name as entry element | African Americans |
| Form subdivision | Biography. |
| 9 (RLIN) | 25553 |
| 650 #1 - SUBJECT ADDED ENTRY--TOPICAL TERM | |
| Topical term or geographic name as entry element | Civil rights workers. |
| 9 (RLIN) | 24204 |
| 650 #1 - SUBJECT ADDED ENTRY--TOPICAL TERM | |
| Topical term or geographic name as entry element | Political activists. |
| 9 (RLIN) | 25554 |
| 700 1# - ADDED ENTRY--PERSONAL NAME | |
| Personal name | Garnett, Ron, |
| Relator term | ill. |
| 9 (RLIN) | 25555 |
| 856 42 - ELECTRONIC LOCATION AND ACCESS | |
| Materials specified | Publisher description |
| Uniform Resource Identifier | <a href="http://www.loc.gov/catdir/description/schol051/00041003.html">http://www.loc.gov/catdir/description/schol051/00041003.html</a> |
| 906 ## - LOCAL DATA ELEMENT F, LDF (RLIN) | |
| a | 7 |
| b | cbc |
| c | orignew |
| d | 1 |
| e | ocip |
| f | 20 |
| g | y-gencatlg |
| 942 ## - ADDED ENTRY ELEMENTS (KOHA) | |
| Source of classification or shelving scheme | Library of Congress Classification |
| Koha item type | |
| Withdrawn status | Lost status | Source of classification or shelving scheme | Damaged status | Home library | Current library | Shelving location | Date acquired | Total Checkouts | Full call number | Barcode | Date last seen | Copy number | Price effective from | Koha item type |
|---|---|---|---|---|---|---|---|---|---|---|---|---|---|---|
| Library of Congress Classification | Luxembourg Library | Luxembourg Library | Scholastic Reading Center Section | 10/07/2013 | E 185.96 .H775 2003 | LEX0610 | 04/18/2017 | 1 | 10/07/2013 | Books |